Maiden #11 / story and art by Yû Watase ; [English ... Read More
Available copies
- 1 of 1 copy available at LARL/NWRL Consortium.
- 1 of 1 copy available at Lake Agassiz Regional Library. (Show preferred library)
Current holds
0 current holds with 1 total copy.
Show Only Available Copies
| Location | Call Number / Copy Notes | Barcode | Shelving Location | Status | Due Date |
|---|---|---|---|---|---|
| Crookston Public Library | Y G WAT (Text) | 33500008514382 | Main | Available | - |
Record details
- ISBN: 1591162637 (pbk.)
- ISBN: 1415598258 (BWI bdg.)
- Physical Description: 188 p. : chiefly ill. ; 19 cm.
- Edition: Shôjo ed.
- Publisher: San Francisco : Viz, c2005.
Content descriptions
| General Note: | Viz graphic novel "First published by Shogakukan, Inc. in Japan as "Ayashi no Ceres"--P. facing t.p. "New and adapted artwork and text"--P. facing t.p. "This book reads right to left"--Cover p. [4]. |
| Summary, etc.: | Aya joins Tôya on the quest for his real memories. ... Read More |
Search for related items by subject
| Subject: | Teenagers > Fiction. High school students > Fiction. |
| Genre: | Horror comic books, strips, etc. Graphic novels. |
Search for related items by series
| LDR | 01924nam a2200421Ia 4500 | ||
|---|---|---|---|
| 001 | 61573 | ||
| 003 | LARL_NWRL_CONSORTIUM | ||
| 005 | 20050824090950.0 | ||
| 008 | 050510s2005 caua 000 c eng d | ||
| 020 | . | ‡a1591162637 (pbk.) | |
| 020 | . | ‡a1415598258 (BWI bdg.) | |
| 024 | 3 | . | ‡a9781591162629 (pbk.) |
| 035 | . | ‡a(OCoLC)60335858 | |
| 041 | 1 | . | ‡aeng ‡hjpn |
| 082 | 0 | 4. | ‡a741.5/952 ‡222 |
| 100 | 1 | . | ‡aWatase, Yuu, ‡d1970- ‡0(LARL_NWRL_CONSORTIUM)147936 |
| 245 | 1 | 0. | ‡aMaiden ‡n#11 / ‡cstory and art by Yû Watase ; [English adaptation, Gary Leach ; translation, Lillian Olsen ; touch-up art & lettering, Melanie Lewis]. |
| 246 | 3 | . | ‡aCeres, celestial legend: maiden; ‡n#11 |
| 250 | . | ‡aShôjo ed. | |
| 260 | . | ‡aSan Francisco : ‡bViz, ‡cc2005. | |
| 300 | . | ‡a188 p. : ‡bchiefly ill. ; ‡c19 cm. | |
| 490 | 0 | . | ‡aCeres, celestial legend; ‡v11 |
| 500 | . | ‡aViz graphic novel | |
| 500 | . | ‡a"First published by Shogakukan, Inc. in Japan as "Ayashi no Ceres"--P. facing t.p. | |
| 500 | . | ‡a"New and adapted artwork and text"--P. facing t.p. | |
| 500 | . | ‡a"This book reads right to left"--Cover p. [4]. | |
| 520 | . | ‡aAya joins Tôya on the quest for his real memories. On an island where Aya spent a summer as a child, they discover that they met back then, but he looks the same now as he did then. They decide to start over together in Niigata Prefecture, but Kagami is getting closer all the time to Ceres' hagoromo. | |
| 650 | 0. | ‡aTeenagers ‡vFiction. ‡0(LARL_NWRL_CONSORTIUM)167663 | |
| 650 | 0. | ‡aHigh school students ‡vFiction. ‡0(LARL_NWRL_CONSORTIUM)165594 | |
| 655 | 0. | ‡aHorror comic books, strips, etc. | |
| 655 | 0. | ‡aGraphic novels. | |
| 700 | 1 | . | ‡aLeach, Gary. ‡0(LARL_NWRL_CONSORTIUM)137244 |
| 700 | 1 | . | ‡aLewis, Melanie. |
| 901 | . | ‡a61573 ‡bOCLC ‡c61573 ‡tbiblio | |

Add to basket
Permalink
Disable Highlighting